[Event "NK Jeugd B"]
[Site "Venlo"]
[Date "2009.04.27"]
[Round "4"]
[White "Swinkels, Maurice"]
[Black "Laan, Kart"]
[Result "1-0"]
[WhiteElo "1972"]
[BlackElo "1615"]
[PlyCount "73"]
[EventDate "2009.04.24"]
[EventType "swiss"]
[EventRounds "9"]
[EventCountry "NED"]
[SourceDate "2009.04.27"]

1. e4 e6 2. d4 d5 3. Nc3 Nf6 4. Bg5 h6 5. Bxf6 Qxf6 6. exd5 Bb4 7. dxe6 Bxe6 8.
Nf3 O-O 9. Be2 Nc6 10. O-O Rad8 11. Ne4 Qg6 12. Ng3 Rd7 13. c3 Be7 14. Bd3 f5
15. Re1 Qf7 16. Qe2 Rd6 17. Rad1 Bc8 18. Bc4 Rd5 19. Ne5 Nxe5 20. Bxd5 Qxd5 21.
Qxe5 Qxe5 22. dxe5 f4 23. Ne2 f3 24. gxf3 Rxf3 25. Nd4 Rf8 26. e6 c5 27. Nb5 b6
28. Nd6 Ba6 29. Ne4 Rf4 30. Rd7 Kf8 31. Rxa7 Bb5 32. Ra8+ Bd8 33. Rxd8+ Ke7 34.
Rdd1 h5 35. Ng3 h4 36. Re4 Rf6 37. Rxh4 1-0

[Event "NK Jeugd B"]
[Site "Venlo"]
[Date "2009.04.27"]
[Round "4"]
[White "Sekandar, Kambiz"]
[Black "Faber, Jort"]
[Result "1-0"]
[WhiteElo "1858"]
[BlackElo "1840"]
[PlyCount "103"]
[EventDate "2009.04.24"]
[EventType "swiss"]
[EventRounds "9"]
[EventCountry "NED"]
[SourceDate "2009.04.27"]

1. e4 c5 2. c3 Nf6 3. e5 Nd5 4. d4 cxd4 5. Nf3 e6 6. cxd4 Nc6 7. Nc3 Nxc3 8.
bxc3 d6 9. exd6 Bxd6 10. Bd3 Bd7 11. O-O Qc7 12. Re1 O-O-O 13. c4 e5 14. c5 Be7
15. d5 Bxc5 16. dxc6 Bxc6 17. Qe2 e4 18. Bxe4 Rhe8 19. Bf5+ Kb8 20. Qf1 Bxf3
21. gxf3 Bd6 22. f4 Bxf4 23. Bxf4 Qxf4 24. Bh3 Qa4 25. Rxe8 Qxe8 26. Rd1 Rxd1
27. Qxd1 f6 28. Qd6+ Ka8 29. Qe6 Qd8 30. Qd7 Qxd7 31. Bxd7 Kb8 32. f4 Kc7 33.
Be6 g5 34. Kf2 Kd6 35. Bg8 h6 36. Kf3 f5 37. h3 b5 38. h4 g4+ 39. Ke3 a5 40.
Kd4 b4 41. Bb3 Kc6 42. Be6 a4 43. Bxf5 g3 44. Kc4 b3 45. axb3 axb3 46. Kd4 Kd6
47. Ke3 Kd5 48. Kf3 Kd4 49. Kxg3 Ke3 50. Bb1 Kd4 51. Kg4 Kd5 52. Kh5 1-0

[Event "NK Jeugd B"]
[Site "Venlo"]
[Date "2009.04.27"]
[Round "4"]
[White "Klapwijk, Bram"]
[Black "Gunther, Justin"]
[Result "1-0"]
[WhiteElo "1869"]
[BlackElo "2015"]
[PlyCount "93"]
[EventDate "2009.04.24"]
[EventType "swiss"]
[EventRounds "9"]
[EventCountry "NED"]
[SourceDate "2009.04.27"]

1. e4 c5 2. Nc3 Nc6 3. Bb5 a6 4. Bxc6 bxc6 5. f4 g6 6. Nf3 Bg7 7. O-O e6 8. e5
d5 9. exd6 Nf6 10. Ne5 Qxd6 11. Qf3 O-O 12. Qxc6 Qxc6 13. Nxc6 Bb7 14. Ne5 Rfd8
15. d3 Nd5 16. Bd2 Bxe5 17. fxe5 c4 18. Ne4 cxd3 19. cxd3 Bc6 20. Nd6 f5 21.
Rac1 Bb5 22. Rf3 Rd7 23. Ba5 g5 24. Rc5 g4 25. Rf1 Bxd3 26. Rd1 Nf4 27. Bd2 Be2
28. Rdc1 Nd3 29. Rc7 Rad8 30. Rxd7 Rxd7 31. Rc8+ Kg7 32. Ne8+ Kg6 33. Nf6 Rg7
34. Re8 f4 35. Ne4 Kf5 36. Nd6+ Kg6 37. Rxe6+ Kh5 38. g3 Nc5 39. Rf6 Rg6 40.
Rf5+ Rg5 41. Rxg5+ Kxg5 42. gxf4+ Kg6 43. f5+ Kg7 44. f6+ Kg6 45. Kf2 Bf3 46.
Ke3 Bd5 47. Kd4 1-0

[Event "NK Jeugd B"]
[Site "Venlo"]
[Date "2009.04.27"]
[Round "4"]
[White "Manoch, Maurice"]
[Black "Evengroen, Henk Jan"]
[Result "0-1"]
[WhiteElo "1833"]
[BlackElo "1933"]
[PlyCount "80"]
[EventDate "2009.04.24"]
[EventType "swiss"]
[EventRounds "9"]
[EventCountry "NED"]
[SourceDate "2009.04.27"]

1. e4 e5 2. Nf3 Nc6 3. Bb5 a6 4. Ba4 Nf6 5. O-O Be7 6. Re1 b5 7. Bb3 O-O 8. c3
d5 9. exd5 Nxd5 10. Nxe5 Nxe5 11. Rxe5 c6 12. d4 Bd6 13. Re1 Qh4 14. g3 Qh3 15.
Re4 g5 16. Qf3 Bf5 17. Bc2 Bf4 18. Bxf4 Nxf4 19. Nd2 Bg4 20. Qh1 Ne2+ 21. Rxe2
Bxe2 22. Qxc6 Rae8 23. Re1 Re6 24. Qd5 Qh5 25. Be4 Rfe8 26. h4 gxh4 27. Qxh5
Bxh5 28. d5 Re5 29. Kf1 hxg3 30. f4 g2+ 31. Kxg2 Rxd5 32. Nb3 Bg6 33. Bxd5 Rxe1
34. Nd4 Rd1 35. f5 Bh5 36. Kg3 Rd2 37. Kh4 Bd1 38. Bb7 a5 39. Nxb5 Rxb2 40. Nd6
Rb6 0-1

[Event "NK Jeugd B"]
[Site "Venlo"]
[Date "2009.04.28"]
[Round "5"]
[White "Pijpers, Arthur"]
[Black "Ten Hertog, Hugo"]
[Result "0-1"]
[WhiteElo "2185"]
[BlackElo "2008"]
[PlyCount "94"]
[EventDate "2009.04.24"]
[EventType "swiss"]
[EventRounds "9"]
[EventCountry "NED"]
[SourceDate "2009.04.28"]

1. e4 c5 2. Nf3 d6 3. d4 cxd4 4. Nxd4 Nf6 5. Nc3 a6 6. Bg5 e6 7. f4 Nc6 8. e5
h6 9. Bh4 g5 10. fxg5 Nd5 11. Nxd5 exd5 12. exd6 Bxd6 13. Qe2+ Kd7 14. Nxc6
bxc6 15. Qh5 Qe8+ 16. Be2 hxg5 17. Qxg5 Rg8 18. Qf5+ Kc7 19. Qf2 Bg4 20. Bg3
Bxg3 21. hxg3 Bxe2 22. Qxe2 Rg6 23. Qxe8 Rxe8+ 24. Kf2 Rf6+ 25. Kg1 Re2 26. Rf1
Rxf1+ 27. Kxf1 Rxc2 28. Rh7 Rxb2 29. Rxf7+ Kd6 30. Rf6+ Kc5 31. g4 Rxa2 32. g5
Rb2 33. g6 Rb8 34. g7 Rg8 35. Rg6 a5 36. Ke2 Kd4 37. Rxc6 Rxg7 38. Kf3 Ra7 39.
Ke2 a4 40. Rc1 a3 41. Rd1+ Kc3 42. Rxd5 a2 43. Rd1 a1=Q 44. Rxa1 Rxa1 45. Ke3
Kc4 46. g4 Kd5 47. Kf4 Ke6 0-1

[Event "NK Jeugd B"]
[Site "Venlo"]
[Date "2009.04.28"]
[Round "5"]
[White "Hachijan, Armen"]
[Black "Mostertman, Milan"]
[Result "0-1"]
[WhiteElo "2085"]
[BlackElo "2142"]
[PlyCount "58"]
[EventDate "2009.04.24"]
[EventType "swiss"]
[EventRounds "9"]
[EventCountry "NED"]
[SourceDate "2009.04.28"]

1. e4 d5 2. exd5 Qxd5 3. Nf3 c5 4. Nc3 Qd8 5. Bc4 Nf6 6. b3 e6 7. Bb2 Be7 8.
Qe2 a6 9. a4 Nc6 10. O-O-O Nd4 11. Nxd4 cxd4 12. Ne4 O-O 13. Nxf6+ Bxf6 14. Qe4
Bd7 15. Bd3 g6 16. Qxb7 Rb8 17. Qa7 Bxa4 18. bxa4 Qd6 19. Qxa6 Qb4 20. Bb5 Ra8
21. Qc6 Rfb8 22. c3 Qb3 23. Qc4 Qxc4 24. Bxc4 Rxa4 25. Bd3 Ra2 26. f4 Raxb2 27.
c4 R8b3 28. Bc2 d3 29. Bxb3 Rxb3 0-1

[Event "NK Jeugd B"]
[Site "Venlo"]
[Date "2009.04.28"]
[Round "5"]
[White "Admiraal, Miguoel"]
[Black "Van Dorp, Jan"]
[Result "1/2-1/2"]
[WhiteElo "2163"]
[BlackElo "1960"]
[PlyCount "93"]
[EventDate "2009.04.24"]
[EventType "swiss"]
[EventRounds "9"]
[EventCountry "NED"]
[SourceDate "2009.04.28"]

1. d4 Nf6 2. Bg5 Ne4 3. h4 d5 4. Nd2 Nxd2 5. Qxd2 Bf5 6. O-O-O h6 7. Bf4 Nd7 8.
f3 e6 9. g4 Bh7 10. e4 Nb6 11. Bd3 Qd7 12. Qa5 Bd6 13. Ne2 a6 14. b3 Qc6 15.
Rhe1 O-O-O 16. Bxd6 Rxd6 17. e5 Bxd3 18. Rxd3 Rdd8 19. a4 Kb8 20. Qd2 Qe8 21.
h5 Qe7 22. a5 Nc8 23. b4 Na7 24. Rb3 Nb5 25. Nc3 c6 26. Na4 Qh4 27. Rf1 g6 28.
hxg6 fxg6 29. Nc5 Nc7 30. Re3 Rdg8 31. Re2 Qe7 32. Rh2 h5 33. Rfh1 Rf8 34. f4
Qf7 35. gxh5 gxh5 36. f5 exf5 37. Qf4 Ka7 38. Qf3 Qg7 39. Rxh5 Rxh5 40. Qxh5
Qg3 41. Kb2 Qe3 42. Nb3 Nb5 43. Qh3 Qg5 44. Qh6 Qe7 45. c3 Rg8 46. Rh2 Nxc3 47.
Nc5 1/2-1/2

[Event "NK Jeugd B"]
[Site "Venlo"]
[Date "2009.04.28"]
[Round "5"]
[White "Van den Bergh, Don"]
[Black "Klein, David"]
[Result "0-1"]
[WhiteElo "1757"]
[BlackElo "2239"]
[PlyCount "118"]
[EventDate "2009.04.24"]
[EventType "swiss"]
[EventRounds "9"]
[EventCountry "NED"]
[SourceDate "2009.04.28"]

1. e4 c5 2. Nf3 d6 3. d4 cxd4 4. Nxd4 Nf6 5. Nc3 Nc6 6. Bg5 e6 7. Qd2 a6 8. f4
h6 9. Bxf6 Qxf6 10. Nf3 Bd7 11. O-O-O Qd8 12. g4 Qa5 13. Kb1 O-O-O 14. Nd4 Be7
15. Bg2 Qb6 16. Rhe1 Nxd4 17. Qxd4 Qxd4 18. Rxd4 Bc6 19. Rd2 h5 20. g5 h4 21.
Bh3 g6 22. Nd5 Bf8 23. a4 Kb8 24. Nb6 a5 25. f5 Re8 26. fxe6 fxe6 27. Nc4 Kc7
28. Rf2 Be7 29. Rf7 Bd7 30. Nxa5 Rhf8 31. Ref1 Rxf7 32. Rxf7 Bxg5 33. Rg7 Re7
34. Rxg6 Bf4 35. Rg4 Bd2 36. Nc4 Be1 37. Rg1 Bf2 38. Rf1 Bd4 39. b3 Rg7 40. Nd2
Bc3 41. Nf3 b5 42. axb5 Rg8 43. b6+ Kxb6 44. Nd2 Bxd2 45. Kb2 Rc8 46. c4 Kc5
47. Rf7 Rd8 48. Rh7 Bg5 49. Kc3 Bf6+ 50. Kd3 Be5 51. Rxh4 Rh8 52. Rxh8 Bxh8 53.
Bg4 Bf6 54. h3 Kb4 55. Kc2 Bg5 56. h4 Bxh4 57. Bh3 Bg5 58. Bg4 Bc6 59. Bxe6
Bxe4+ 0-1

[Event "NK Jeugd B"]
[Site "Venlo"]
[Date "2009.04.28"]
[Round "5"]
[White "Rauw, Gert Jan"]
[Black "Duburg, Jamie"]
[Result "1/2-1/2"]
[WhiteElo "2006"]
[BlackElo "1842"]
[PlyCount "78"]
[EventDate "2009.04.24"]
[EventType "swiss"]
[EventRounds "9"]
[EventCountry "NED"]
[SourceDate "2009.04.28"]

1. e4 d5 2. exd5 Qxd5 3. Nf3 c6 4. d4 Bg4 5. Be2 e6 6. O-O Qd8 7. c4 Nf6 8. Nc3
Bd6 9. Be3 O-O 10. Qb3 Qc7 11. h3 Bh5 12. Rac1 Nbd7 13. d5 Rfe8 14. Nd4 Bxe2
15. Ndxe2 Nc5 16. Qd1 exd5 17. cxd5 Rad8 18. Kh1 a6 19. dxc6 bxc6 20. Qc2 Ne6
21. Na4 c5 22. Qc4 Qc6 23. Rfd1 h6 24. Nxc5 Nxc5 25. Bxc5 Bxc5 26. Rxd8 Rxd8
27. Qxc5 Qxc5 28. Rxc5 Rd2 29. Re5 Rxb2 30. a4 Ra2 31. a5 Nd7 32. Re8+ Kh7 33.
Re7 Nf6 34. Re5 Nd7 35. Re7 Nc5 36. f3 Rxa5 37. Rxf7 Ra1+ 38. Kh2 a5 39. Rc7
Nb3 1/2-1/2

[Event "NK Jeugd B"]
[Site "Venlo"]
[Date "2009.04.28"]
[Round "5"]
[White "Van Meegen, Ruud"]
[Black "Sekandar, Kambiz"]
[Result "0-1"]
[WhiteElo "1865"]
[BlackElo "1858"]
[PlyCount "94"]
[EventDate "2009.04.24"]
[EventType "swiss"]
[EventRounds "9"]
[EventCountry "NED"]
[SourceDate "2009.04.28"]

1. e4 e5 2. Nf3 Nc6 3. Bc4 Bc5 4. c3 Nf6 5. d4 exd4 6. cxd4 Bb4+ 7. Nc3 Nxe4 8.
O-O Bxc3 9. d5 Bf6 10. Re1 Ne7 11. Rxe4 d6 12. Bg5 Bxg5 13. Nxg5 h6 14. Qe2
hxg5 15. Re1 Be6 16. dxe6 f6 17. Re3 c6 18. Rh3 Rxh3 19. gxh3 g6 20. h4 gxh4
21. Qg4 Qa5 22. Rd1 O-O-O 23. Qxh4 Qf5 24. Re1 g5 25. Qh5 Qg6 26. Qd1 Qh6 27.
Qa4 Rh8 28. Qxa7 Qxh2+ 29. Kf1 Qh3+ 30. Ke2 Qg4+ 31. Kd2 Qf4+ 32. Re3 Qxf2+ 33.
Be2 Nd5 34. Qa8+ Kc7 35. Qa5+ Kb8 36. Re4 Qa7 37. Qxa7+ Kxa7 38. e7 Re8 39. Bc4
Kb6 40. Bxd5 cxd5 41. Re6 Kc6 42. Rxf6 Rxe7 43. Rf2 d4 44. Rg2 Re5 45. Rg4 Kd5
46. Kd3 Ke6 47. Rxd4 Rd5 0-1

[Event "NK Jeugd B"]
[Site "Venlo"]
[Date "2009.04.28"]
[Round "5"]
[White "Von Meijenfeldt, Bart"]
[Black "Swinkels, Maurice"]
[Result "1-0"]
[WhiteElo "1984"]
[BlackElo "1972"]
[PlyCount "73"]
[EventDate "2009.04.24"]
[EventType "swiss"]
[EventRounds "9"]
[EventCountry "NED"]
[SourceDate "2009.04.28"]

1. e4 c5 2. Nc3 Nc6 3. Bb5 Nd4 4. Bc4 e6 5. Nge2 Nf6 6. O-O a6 7. d3 b5 8. Bb3
Nxb3 9. axb3 Bb7 10. Ng3 Be7 11. f4 O-O 12. f5 d6 13. Qe2 Nd7 14. Qg4 Ne5 15.
Qh3 Qd7 16. Nh5 exf5 17. exf5 f6 18. Nf4 d5 19. Ne6 Rf7 20. Ne2 g5 21. d4 cxd4
22. N2xd4 Rc8 23. c3 Bc5 24. Re1 Bxd4+ 25. cxd4 Nc6 26. Re3 Nb4 27. Rg3 Nc2 28.
Rb1 Qd6 29. Bd2 Qb6 30. Qg4 Re8 31. Rc1 Nxd4 32. Be3 Qa5 33. Bxd4 Bc8 34. Qxg5+
fxg5 35. Rxg5+ Rg7 36. Rxg7+ Kh8 37. Rg6# 1-0

[Event "NK Jeugd B"]
[Site "Venlo"]
[Date "2009.04.28"]
[Round "5"]
[White "Wiegers, Kasper"]
[Black "Slagter, David"]
[Result "0-1"]
[WhiteElo "1518"]
[BlackElo "1984"]
[PlyCount "60"]
[EventDate "2009.04.24"]
[EventType "swiss"]
[EventRounds "9"]
[EventCountry "NED"]
[SourceDate "2009.04.28"]

1. e4 e6 2. d4 d5 3. Nc3 Nf6 4. Bg5 Be7 5. e5 Nfd7 6. Bxe7 Qxe7 7. f4 a6 8. Nf3
c5 9. Bd3 cxd4 10. Nxd4 Qb4 11. Bf1 Qxb2 12. Nde2 Nc6 13. Rb1 Qa3 14. Rb3 Qc5
15. Qd2 f6 16. g4 fxe5 17. f5 O-O 18. Ng3 Nd4 19. Nce2 Nxb3 20. axb3 exf5 21.
gxf5 Nf6 22. Bh3 Bd7 23. Rg1 Bb5 24. Rg2 Bxe2 25. Nxe2 Kh8 26. Qg5 Rf7 27. Qh4
Qxc2 28. Rg6 Qxb3 29. Qg5 Qb1+ 30. Nc1 Rc8 0-1

[Event "NK Jeugd B"]
[Site "Venlo"]
[Date "2009.04.28"]
[Round "5"]
[White "Heller, Milan"]
[Black "Klapwijk, Bram"]
[Result "1/2-1/2"]
[WhiteElo "1922"]
[BlackElo "1869"]
[PlyCount "81"]
[EventDate "2009.04.24"]
[EventType "swiss"]
[EventRounds "9"]
[EventCountry "NED"]
[SourceDate "2009.04.28"]

1. d4 Nf6 2. c4 c5 3. d5 b5 4. Nf3 d6 5. cxb5 a6 6. b6 Qxb6 7. Nc3 g6 8. e4 Bg7
9. Nd2 Nbd7 10. Be2 Qc7 11. a4 O-O 12. Nc4 Nb6 13. Na3 a5 14. Nab5 Qd8 15. O-O
Nfd7 16. Bg5 Nb8 17. f4 Na6 18. Bf3 c4 19. e5 f6 20. exf6 exf6 21. Bh4 Nc5 22.
Be4 Re8 23. Bc2 Bf8 24. f5 g5 25. Bg3 Re3 26. Bf2 Rd3 27. Qe1 Nbd7 28. Bxd3
Nxd3 29. Qe6+ Kh8 30. Nxd6 N7e5 31. Nf7+ Nxf7 32. Qxf7 Nxf2 33. Rxf2 Bc5 34.
Raf1 Ra7 35. Qh5 Bxf5 36. Kh1 Bxf2 37. Rxf2 Re7 38. Qd1 Re5 39. h3 Qe7 40. Re2
Bd3 41. Rxe5 1/2-1/2

[Event "NK Jeugd B"]
[Site "Venlo"]
[Date "2009.04.28"]
[Round "5"]
[White "Mostertman, Xander"]
[Black "Beijerinck, Nick"]
[Result "1-0"]
[WhiteElo "1837"]
[BlackElo "1938"]
[PlyCount "45"]
[EventDate "2009.04.24"]
[EventType "swiss"]
[EventRounds "9"]
[EventCountry "NED"]
[SourceDate "2009.04.28"]

1. e4 c5 2. d3 d6 3. g3 Nc6 4. Bg2 Nf6 5. f4 e6 6. Nf3 Be7 7. O-O O-O 8. Be3
Qc7 9. c3 Rd8 10. Nbd2 Ng4 11. Bf2 b6 12. Qe2 Nxf2 13. Rxf2 Ba6 14. Raf1 b5 15.
Ne1 b4 16. f5 exf5 17. Rxf5 Bf6 18. e5 Re8 19. Ne4 Bxe5 20. Rxf7 Re7 21. Ng5 h6
22. Bd5 Kh8 23. Rf8+ 1-0

[Event "NK Jeugd B"]
[Site "Venlo"]
[Date "2009.04.28"]
[Round "5"]
[White "Laan, Kart"]
[Black "Evengroen, Henk Jan"]
[Result "0-1"]
[WhiteElo "1615"]
[BlackElo "1933"]
[PlyCount "72"]
[EventDate "2009.04.24"]
[EventType "swiss"]
[EventRounds "9"]
[EventCountry "NED"]
[SourceDate "2009.04.28"]

1. d4 Nf6 2. c4 g6 3. Nc3 Bg7 4. e4 d6 5. Be2 O-O 6. f4 c5 7. Nf3 a6 8. O-O Bd7
9. Be3 Ng4 10. Qd2 Nxe3 11. Qxe3 cxd4 12. Nxd4 Qb6 13. Nf5 Qxe3+ 14. Nxe3 Bd4
15. Kf2 Nc6 16. Bd3 Rfb8 17. Rab1 Nb4 18. Ke2 b5 19. cxb5 axb5 20. a3 Bxc3 21.
axb4 Bd4 22. Nd5 e6 23. Nc3 Bxc3 24. bxc3 Ra2+ 25. Ke3 Rc8 26. Kd4 Rxg2 27. Ra1
Rxh2 28. Ra7 Bc6 29. f5 Rh3 30. fxe6 fxe6 31. e5 dxe5+ 32. Kxe5 Rxd3 33. Rff7
Rh3 34. Kxe6 Rh5 35. Kd6 Be4 36. Rfe7 Rd5+ 0-1

[Event "NK Jeugd B"]
[Site "Venlo"]
[Date "2009.04.28"]
[Round "5"]
[White "Faber, Jort"]
[Black "Otten, Martijn"]
[Result "0-1"]
[WhiteElo "1840"]
[BlackElo "1735"]
[PlyCount "52"]
[EventDate "2009.04.24"]
[EventType "swiss"]
[EventRounds "9"]
[EventCountry "NED"]
[SourceDate "2009.04.28"]

1. e4 e6 2. d4 d5 3. exd5 exd5 4. Bf4 Bd6 5. Bxd6 Qxd6 6. Nc3 Nc6 7. Bd3 Nge7
8. Nge2 Bg4 9. f3 Bf5 10. g4 Bxd3 11. Qxd3 O-O-O 12. O-O-O Na5 13. b3 a6 14.
Kb2 Qb6 15. Na4 Qf6 16. Ng3 g6 17. Rhe1 Rhe8 18. Nc5 Nec6 19. c3 Nb8 20. Re2
Rxe2+ 21. Qxe2 Nac6 22. Re1 Nxd4 23. Qe3 Nb5 24. g5 Qh8 25. Qf4 Qxc3+ 26. Kb1
Na3# 0-1

[Event "NK Jeugd B"]
[Site "Venlo"]
[Date "2009.04.28"]
[Round "5"]
[White "Gunther, Justin"]
[Black "Manoch, Maurice"]
[Result "1-0"]
[WhiteElo "2015"]
[BlackElo "1833"]
[PlyCount "35"]
[EventDate "2009.04.24"]
[EventType "swiss"]
[EventRounds "9"]
[EventCountry "NED"]
[SourceDate "2009.04.28"]

1. e4 e6 2. d4 d5 3. Nc3 Nf6 4. Bg5 Be7 5. e5 Nfd7 6. Bxe7 Qxe7 7. f4 a6 8. Qg4
g6 9. Nf3 Qb4 10. O-O-O Nc6 11. h4 Nb6 12. h5 Bd7 13. hxg6 fxg6 14. Qg5 Na5 15.
Bd3 Rg8 16. Rxh7 Nac4 17. Bxg6+ Rxg6 18. Qxg6+ 1-0

[Event "NK Jeugd B"]
[Site "Venlo"]
[Date "2009.04.29"]
[Round "6"]
[White "Mostertman, Milan"]
[Black "Ten Hertog, Hugo"]
[Result "1-0"]
[WhiteElo "2142"]
[BlackElo "2008"]
[PlyCount "127"]
[EventDate "2009.04.24"]
[EventType "swiss"]
[EventRounds "9"]
[EventCountry "NED"]
[SourceDate "2009.04.28"]

1. e4 c5 2. Nf3 d6 3. d4 cxd4 4. Nxd4 Nf6 5. Nc3 a6 6. Be2 e5 7. Nb3 Be7 8. Bg5
Be6 9. Bxf6 Bxf6 10. Qd3 O-O 11. Rd1 Be7 12. Nd5 Nc6 13. Nxe7+ Qxe7 14. Qxd6
Qg5 15. O-O Bxb3 16. axb3 Nd4 17. Bc4 Rad8 18. Qb6 Nf3+ 19. Kh1 Rxd1 20. Rxd1
Nxh2 21. Bxf7+ Kxf7 22. Rd7+ Kg8 23. Qe6+ Kh8 24. Rf7 Rd8 25. Kxh2 Qh4+ 26. Qh3
Qxe4 27. Qg3 Rg8 28. c4 b6 29. Qf3 Qh4+ 30. Kg1 Qh6 31. g3 Qc1+ 32. Kg2 Qxb2
33. Rb7 a5 34. Qe3 a4 35. bxa4 Qc2 36. Rc7 Qxa4 37. Qxb6 Rf8 38. Qd6 Qa8+ 39.
Qd5 Qe8 40. Rd7 e4 41. Qd4 Rg8 42. Rd5 Qg6 43. Re5 Rf8 44. Rxe4 h6 45. Rf4 Re8
46. Qd5 Rc8 47. Kh2 Kh7 48. Kg2 Kh8 49. Rf7 Qg4 50. Rd7 Kh7 51. Qd3+ Kh8 52.
Rd8+ Rxd8 53. Qxd8+ Kh7 54. Qd5 h5 55. f3 Qc8 56. Qxh5+ Kg8 57. Qd5+ Kh7 58. c5
Qa6 59. Qe4+ Kh6 60. c6 Qa2+ 61. Kh3 Qa1 62. Qe3+ Kg6 63. Qe6+ Kh7 64. c7 1-0

[Event "NK Jeugd B"]
[Site "Venlo"]
[Date "2009.04.29"]
[Round "6"]
[White "Van Dorp, Jan"]
[Black "Klein, David"]
[Result "1/2-1/2"]
[WhiteElo "1960"]
[BlackElo "2239"]
[PlyCount "80"]
[EventDate "2009.04.24"]
[EventType "swiss"]
[EventRounds "9"]
[EventCountry "NED"]
[SourceDate "2009.04.28"]

1. d4 Nf6 2. c4 g6 3. Nc3 Bg7 4. e4 d6 5. f3 O-O 6. Be3 c5 7. Nge2 Qa5 8. Qd2
Nc6 9. d5 Ne5 10. Nc1 a6 11. f4 Neg4 12. Bg1 b5 13. Bd3 bxc4 14. Bxc4 Qb4 15.
Bd3 Nh5 16. a3 Qb7 17. N1e2 Bh6 18. h3 Ne5 19. Be3 Qxb2 20. Rb1 Qxd2+ 21. Kxd2
Nxd3 22. Kxd3 f5 23. e5 a5 24. a4 Ba6+ 25. Nb5 Bg7 26. g4 Nxf4+ 27. Nxf4 Bxe5
28. Ne6 c4+ 29. Kxc4 Rfc8+ 30. Kd3 fxg4 31. hxg4 Rc3+ 32. Ke4 Rc4+ 33. Kf3 Rxa4
34. Nbc7 Bc4 35. Nxa8 Bxd5+ 36. Ke2 Ra2+ 37. Kd3 Ra3+ 38. Ke2 Ra2+ 39. Kd3 Ra3+
40. Ke2 Ra2+ 1/2-1/2

[Event "NK Jeugd B"]
[Site "Venlo"]
[Date "2009.04.29"]
[Round "6"]
[White "Pijpers, Arthur"]
[Black "Admiraal, Miguoel"]
[Result "0-1"]
[WhiteElo "2185"]
[BlackElo "2163"]
[PlyCount "112"]
[EventDate "2009.04.24"]
[EventType "swiss"]
[EventRounds "9"]
[EventCountry "NED"]
[SourceDate "2009.04.28"]

1. e4 c5 2. Nf3 e6 3. d4 cxd4 4. Nxd4 Nc6 5. Nc3 Qc7 6. Be3 a6 7. Be2 Nf6 8. a3
d6 9. g4 h6 10. h4 Bd7 11. Rg1 O-O-O 12. g5 hxg5 13. hxg5 Ne8 14. Qd2 Nxd4 15.
Qxd4 Bc6 16. Bg4 Rh4 17. O-O-O g6 18. Nd5 Bg7 19. Qa7 Qb8 20. Qb6 Kd7 21. Qb4
b5 22. Bb6 Rc8 23. Ba5 Rxg4 24. Nb6+ Qxb6 25. Bxb6 Rxe4 26. Qb3 Rc4 27. Rge1
Bf3 28. Rd2 Bg4 29. Qe3 Bf5 30. Ree2 d5 31. Ba5 Nd6 32. Qa7+ Ke8 33. Bb4 R4c6
34. c3 R8c7 35. Qe3 Nc4 36. Qf4 a5 37. Bxa5 Nxa5 38. Rxd5 Nb3+ 39. Kd1 Nc5 40.
Rdd2 Nb3 41. Rd5 Nc5 42. f3 Bd3 43. Re3 Bc4 44. Rd2 Nb3 45. Rh2 Rd7+ 46. Ke1
Rcd6 47. Kf2 Rd1 48. Kg3 Nd2 49. Rh7 Nf1+ 50. Kh3 Nxe3 51. Rxg7 Rh1+ 52. Kg3
Nf5+ 53. Kg2 Rh8 54. Qe5 Rd2+ 55. Kg1 Nxg7 56. Qxg7 Rhh2 0-1

[Event "NK Jeugd B"]
[Site "Venlo"]
[Date "2009.04.29"]
[Round "6"]
[White "Sekandar, Kambiz"]
[Black "Von Meijenfeldt, Bart"]
[Result "1/2-1/2"]
[WhiteElo "1858"]
[BlackElo "1984"]
[PlyCount "153"]
[EventDate "2009.04.24"]
[EventType "swiss"]
[EventRounds "9"]
[EventCountry "NED"]
[SourceDate "2009.04.28"]

1. e4 c5 2. c3 g6 3. d4 cxd4 4. cxd4 d5 5. exd5 Nf6 6. Nf3 Nxd5 7. Nc3 Bg7 8.
Bb5+ Bd7 9. Bxd7+ Qxd7 10. O-O Nc6 11. Ne4 b6 12. Re1 O-O 13. Be3 Rac8 14. Qd2
f5 15. Nc3 f4 16. Nxd5 fxe3 17. Nxe3 Rxf3 18. gxf3 Nxd4 19. Kg2 Qb7 20. Qd1 Rf8
21. Rc1 Rxf3 22. Kg1 Rh3 23. Ng4 Nf3+ 24. Kf1 Nxe1 25. Qd8+ Kf7 26. Kxe1 Qh1+
27. Kd2 Qe4 28. Rc7 Qd4+ 29. Qxd4 Bxd4 30. Rxa7 Bxb2 31. Kc2 Ra3 32. Rxa3 Bxa3
33. Kd3 Bc5 34. Ke4 Ke6 35. f3 Bd6 36. h3 b5 37. Ne3 Kf6 38. f4 Ke6 39. f5+ Kd7
40. fxg6 hxg6 41. Kd5 e6+ 42. Kd4 Bf4 43. Ng2 Bd6 44. Nh4 g5 45. Nf3 Be7 46.
Ke5 Bd8 47. Nd4 Bc7+ 48. Kf6 e5 49. Nxb5 e4 50. Nc3 Bd8+ 51. Kf5 e3 52. Ke4 Ba5
53. Ne2 Ke6 54. Kxe3 Ke5 55. Kf3 Bd2 56. Kg4 Be3 57. a4 Kd5 58. a5 Kc5 59. Ng3
Kb5 60. Ne4 Kxa5 61. Nxg5 Kb6 62. h4 Kc7 63. h5 Kd7 64. h6 Ke7 65. h7 Bd4 66.
Kf5 Bh8 67. Kg6 Kf8 68. Ne6+ Ke7 69. Nf4 Kf8 70. Nd5 Ke8 71. Nf6+ Ke7 72. Ng8+
Kf8 73. Nf6 Ke7 74. Nh5 Kf8 75. Nf4 Ke7 76. Kh6 Kf7 77. Nh5 1/2-1/2

[Event "NK Jeugd B"]
[Site "Venlo"]
[Date "2009.04.29"]
[Round "6"]
[White "Duburg, Jamie"]
[Black "Van der Lende, Ilias"]
[Result "0-1"]
[WhiteElo "1842"]
[BlackElo "2105"]
[PlyCount "72"]
[EventDate "2009.04.24"]
[EventType "swiss"]
[EventRounds "9"]
[EventCountry "NED"]
[SourceDate "2009.04.28"]

1. e4 e6 2. d4 d5 3. Nc3 Bb4 4. e5 c5 5. a3 Bxc3+ 6. bxc3 Qc7 7. Qg4 f5 8. Qg3
Nc6 9. Nf3 cxd4 10. cxd4 Nge7 11. Bd2 O-O 12. Bd3 Bd7 13. O-O a6 14. Qh4 Ng6
15. Qh5 Nce7 16. Bb4 Qd8 17. Rab1 b5 18. Kh1 h6 19. Bxe7 Nxe7 20. g4 fxg4 21.
Qxg4 Nf5 22. Rg1 Qe7 23. Rg2 Be8 24. Rbg1 Ra7 25. Qh3 Qf7 26. Nh4 Qh5 27. Bxf5
Rxf5 28. Qg3 Rg5 29. Qf4 Rxg2 30. Kxg2 g5 31. Kh1 Rg7 32. Qf6 Qxh4 33. Qxe6+
Bf7 34. Qxa6 Qe4+ 35. Rg2 Bh5 36. Qxh6 Qe1+ 0-1

[Event "NK Jeugd B"]
[Site "Venlo"]
[Date "2009.04.29"]
[Round "6"]
[White "Slagter, David"]
[Black "Rauw, Gert Jan"]
[Result "0-1"]
[WhiteElo "1984"]
[BlackElo "2006"]
[PlyCount "88"]
[EventDate "2009.04.24"]
[EventType "swiss"]
[EventRounds "9"]
[EventCountry "NED"]
[SourceDate "2009.04.28"]

1. e4 c6 2. Nc3 d5 3. Nf3 dxe4 4. Nxe4 Nf6 5. Nxf6+ exf6 6. Bc4 Qe7+ 7. Qe2 Be6
8. Bb3 Na6 9. d4 Nb4 10. Be3 Bxb3 11. axb3 Qe4 12. Rc1 Bd6 13. O-O O-O 14. Nd2
Qg6 15. Nc4 Bc7 16. c3 Nd5 17. Qf3 Rfe8 18. Rfe1 Re4 19. Bd2 f5 20. Rxe4 fxe4
21. Qe2 Re8 22. Rf1 f5 23. Na3 f4 24. f3 e3 25. Be1 Re6 26. c4 Ne7 27. Bb4 Bd6
28. Bxd6 Rxd6 29. Rd1 Qh5 30. g4 Qg5 31. Qe1 Ng6 32. Qb4 Rd7 33. Qe1 Nh4 34.
Qe2 h5 35. h3 hxg4 36. hxg4 Rd6 37. d5 cxd5 38. cxd5 Rxd5 39. Rc1 Rd2 40. Qc4+
Qd5 41. Qxd5+ Rxd5 42. Rc8+ Kh7 43. Rc4 Nxf3+ 44. Kg2 e2 0-1

[Event "NK Jeugd B"]
[Site "Venlo"]
[Date "2009.04.29"]
[Round "6"]
[White "Mostertman, Xander"]
[Black "Hachijan, Armen"]
[Result "0-1"]
[WhiteElo "1837"]
[BlackElo "2085"]
[PlyCount "46"]
[EventDate "2009.04.24"]
[EventType "swiss"]
[EventRounds "9"]
[EventCountry "NED"]
[SourceDate "2009.04.28"]

1. Nf3 Nf6 2. c4 g6 3. g3 Bg7 4. Bg2 O-O 5. O-O d6 6. d4 Nbd7 7. Nc3 e5 8. e4
exd4 9. Nxd4 Re8 10. Re1 a6 11. Be3 Rb8 12. Qc2 Ne5 13. b3 c5 14. Nde2 Bg4 15.
Rad1 Qc8 16. Rxd6 Nf3+ 17. Bxf3 Bxf3 18. Bg5 Nxe4 19. Nxe4 Bxe4 20. Qd2 Qh3 21.
Nf4 Qg4 22. f3 Qxf3 23. Ng2 Bc3 0-1